Ligne 15 du réseau ilevia - Statistiques

Statistiques générales
  • Ce quiz a été pris 10 fois
  • Le résultat moyen est 15 sur 20
Statistiques - réponses
Hint Réponse % Correct
15,919,920 Lesquin Verdun
100%
15,919,920 Basquin
83%
15,919 De Gaulle
83%
15,L1,Z2 Destoop
83%
15,67,L1,Z2 Gaston Berger
83%
15,52,67,Z2,L1,N1,REM2,M2 Lille Porte de Douai
83%
15?67,L1,Z2 Marronniers
83%
15,67,L1,Z2 PI de Douai
83%
15,67,L1,Z2 Ronchin Mairie
83%
15 Ronchin République
83%
15,919,920 11 Novembre
67%
15,L1 18 Juin
67%
15,919,CO1 Carnot
67%
15 Lesquin Cimetière
67%
15,919,920 Petite Chapelle
67%
15,67,L1,Z2 Ronchin Jean Jaurès
67%
15,L1 Saint Venant
67%
(uniquement desservi le dimanche ) 15,919,CO1 14 Juillet
50%
15,919,CO1 Ferrer
50%
(uniquement desservi le dimanche ) 15,919,CO1 Gambetta
50%
Aucun quiz correspondant
Distribution des résultats
% des personnes avec chaque résultat
Percentile par nombre de réponses
Votre historique - résultats
Vous n’avez pas pris ce quiz